000 00385nam a2200133Ia 4500
008 210430s9999 xx 000 0 und d
020 _a9781466584877 (alk. paper)
082 _a620.118 G2851C
100 _aGay, Daniel,
_954875
245 _aComposite materials 3rd:
_cGay, Daniel,
300 _axxiii, 611 pages :
650 _aMatériaux composites.
_954876
942 _cREF
_2ddc
999 _c565766
_d565766